| 000 | 00584nam a2200181Ia 4500 | ||
|---|---|---|---|
| 008 | 140925s9999 xx 000 0 und d | ||
| 020 | _a1540-6261 | ||
| 100 | _aSingleton, Kenneth J. | ||
| 245 | 4 |
_aThe Journal of Finance / _cKenneth J. Singleton. _h[electronic resource] |
|
| 260 |
_bJohn Wiley & Sons, Inc., _cc1999. |
||
| 516 | _aElectronic text | ||
| 650 | _aFinancial Management. | ||
| 650 | _aJournal. | ||
| 830 | _aJohn Wiley & Sons, Inc. | ||
| 856 | _uhttp://onlinelibrary.wiley.com/journal/10.1111/%28ISSN%291540-6261 | ||
| 942 | _cEJ | ||
| 999 |
_c275646 _d275646 |
||